Kafkasya'da bulunan antik eserlerin keşfi ve yazılarının çözümlenmesi (Record no. 10755)

MARC details
000 -BAŞLIK
Sabit Uzunlukta Kontrol Alanı 00814na a2200253 4500
001 - KONTROL NUMARASI
Denetim Alanı 24236
003 - KONTROL NUMARASI IDENTIFIER
Denetim Alanı MIRAKIL
005 - SON İŞLEM TARİHİ VE ZAMANI
Denetim Alanı 20181213155332.0
008 - SABİT-BOY VERİ ELEMANLARI - GENEL BİLGİLER
Sabit Uzunlukta Kontrol Alanı 180706b tu 000 0
020 ## - ULUSLARARASI STANDART KİTAP NUMARASI
Uluslararası Standart Kitap Numarası 9789756255193
040 ## - KATALOGLAMA KAYNAK
Orijinal Kataloglama Ajansı Milas
Kataloglama Dili tur
Metne Dönüştürmek Ajansı TR-AnCHP
041 ## - DİL KODU
Metin / Ses Parça Veya Ayrı Başlığın Dil Kodu tur
082 ## - DEWEY ONLU SINIFLANDIRMA NUMARASI
Sınıflandırma Numarası 939.22
Ürün Numarası T86k 2009
090 ## - SINIFLAMA NUMARASI
Sınıflama Numarası 939.22 T86k 2009
100 ## - ANA GİRİŞ - KİŞİSEL İSİM
Kişisel Ad Turçaninov, Georgi F.
245 ## - BAŞLIK TABLOSU
Başlık Kafkasya'da bulunan antik eserlerin keşfi ve yazılarının çözümlenmesi
Sorumluluk Tablosu, Vb Georgi F. Turçaninov ; çeviren Kayhan Yükseler
260 ## - YAYIN, DAĞITIM, VB
Yayın, Dağıtım, Vb Yeri Ankara
Yayıncı, Dağıtıcı, Vs Adı Kafdav yayıncılık
Yayın, Dağıtım, Vb Tarihi 2009
Üretici Firma Kalkan Matbaacılık
300 ## - FİZİKSEL TANIM
Kapsam 279 s.
Diğer Fiziksel Ayrıntıları res.; tbl.
Boyutlar 19 sm.
650 ## - KONU KATMA GİRİŞ - TOPİKAL DÖNEM
Topikal Süreli Veya Coğrafi Ad Giriş Elemanı Kafkas dilleri
Genel Alt Bölümü Antik dönem
650 ## - KONU KATMA GİRİŞ - TOPİKAL DÖNEM
Topikal Süreli Veya Coğrafi Ad Giriş Elemanı Eski çağ tarihi
Genel Alt Bölümü Kafkasya
651 ## - KONU KATMA GİRİŞ - COĞRAFİ ADI
Coğrafi İsim Kafkasya
Genel Alt Bölümü Arkeoloji
700 ## - KATMA GİRİŞ - KİŞİSEL İSİM
Kişisel Ad Yükseler, Kayhan
942 ## - EKLENDİ GİRİŞ ELEMANLARI (KOHA)
Sınıflandırma Veya Raf Düzeni Kaynak
Koha Öğesi Türü Books
999 ## - SİSTEM KONTROL NUMARALARI (KOHA)
Koha Biblionumber 10755
Koha Biblioitemnumber 10755
Holdings
Kalıcı Konum Mevcut Konum Edinme Tarihi Edinim Kaynak Toplam Check-Out'Lar Tam Çağrı Numarası Barkod Tarih Son Görülme İtibaren Geçerli Fiyatlar Koha Öğesi Türü
CHP Kütüphanesi CHP Kütüphanesi 07/06/2018 Bağış   939.22 T86k 2009 018246 07/06/2018 07/06/2018 Books